Central Library OPAC University of Rajshahi

Public opinion and constitution making in Pakistan, 1958-1962 / (Record no. 5333)

MARC details
000 -LEADER
fixed length control field 00842cam a22002531 4500
001 - CONTROL NUMBER
control field 5333
003 - CONTROL NUMBER IDENTIFIER
rucl marc code BD-RjUL
005 - DATE AND TIME OF LATEST TRANSACTION
control field 20211208234041.0
008 - FIXED-LENGTH DATA ELEMENTS--GENERAL INFORMATION
fixed length control field 131224t19671966miu b 000 0 eng
035 ## - SYSTEM CONTROL NUMBER
System control number (BD-RjUL)
040 ## - CATALOGING SOURCE
Original cataloging agency DLC
Transcribing agency DLC
Modifying agency DLC
Language of cataloging eng
041 ## - LANGUAGE CODE
Language code of text/sound track or separate title eng
082 00 - DEWEY DECIMAL CLASSIFICATION NUMBER
Classification number 342.54909
Author mark and year SCP 1967
100 1# - MAIN ENTRY--PERSONAL NAME
Personal name Schuler, Edgar Albert,
Dates associated with a name 1905-
9 (RLIN) 16764
245 10 - TITLE STATEMENT
Title Public opinion and constitution making in Pakistan, 1958-1962 /
Statement of responsibility, etc. by Edgar A. and Kathryn R. Schuler.
260 ## - PUBLICATION, DISTRIBUTION, ETC. (IMPRINT)
Place of publication, distribution, etc. [East Lansing]
Name of publisher, distributor, etc. Michigan State University Press,
Date of publication, distribution, etc. 1967
300 ## - PHYSICAL DESCRIPTION
Pagination 286 p.
Size 24 cm.
504 ## - BIBLIOGRAPHY, ETC. NOTE
Bibliography, etc Includes bibliographical references.
650 #0 - SUBJECT ADDED ENTRY--TOPICAL TERM
Topical term or geographic name as entry element Constitutional history
Geographic subdivision Pakistan.
9 (RLIN) 14482
651 #0 - SUBJECT ADDED ENTRY--GEOGRAPHIC NAME
Geographic name Pakistan
General subdivision Politics and government.
9 (RLIN) 6486
700 1# - ADDED ENTRY--PERSONAL NAME
Personal name Schuler, Kathryn R.,
Relator term joint author.
942 ## - ADDED ENTRY ELEMENTS (KOHA)
Source of classification or shelving scheme Dewey Decimal Classification
Koha item type Books
Holdings
Lost status Source of classification or shelving scheme Damaged status Not for loan Collection code Permanent Location Current Location Shelving location Date acquired Source of acquisition Cost, normal purchase price Total Checkouts Full call number Date last seen Copy number Koha item type
  Dewey Decimal Classification     Non-fiction Central Library, University of Rajshahi Central Library, University of Rajshahi   03/03/1964 Zitlinger 57.00   342.54909 SCP 1967 24/12/2013 C-5 Books
  Dewey Decimal Classification     Non-fiction Central Library, University of Rajshahi Central Library, University of Rajshahi   03/01/1967 Zetlinger 57.00   342.54909 SCP 1967 02/08/2016 C-2 Books
  Dewey Decimal Classification     Non-fiction Central Library, University of Rajshahi Central Library, University of Rajshahi   03/01/1967 Zetlinger 57.00   342.54909 SCP 1967 02/08/2016 C-3 Books
  Dewey Decimal Classification     Non-fiction Central Library, University of Rajshahi Central Library, University of Rajshahi   03/01/1967 Zetlinger 57.00   342.54909 SCP 1967 02/08/2016 C-4 Books
  Dewey Decimal Classification     Non-fiction Central Library, University of Rajshahi Central Library, University of Rajshahi   03/01/1967 Zetlinger 57.00   342.54909 SCP 1967 02/08/2016 C-6 Books